<?xml version="1.0" encoding="UTF-8"?>
<collection xmlns="http://www.loc.gov/MARC21/slim">
 <record>
  <leader>03389nam a2200253 a 4500</leader>
  <controlfield tag="001">1/55139</controlfield>
  <controlfield tag="008">220404s2021    gr aa    b    000 | gre d</controlfield>
  <datafield tag="020" ind1=" " ind2=" ">
   <subfield code="a">9789601907819</subfield>
  </datafield>
  <datafield tag="040" ind1=" " ind2=" ">
   <subfield code="a">GR-PeUP</subfield>
  </datafield>
  <datafield tag="082" ind1="0" ind2="0">
   <subfield code="a">938.5 ΧΙΛ</subfield>
  </datafield>
  <datafield tag="245" ind1="0" ind2="0">
   <subfield code="a">1821 :</subfield>
   <subfield code="b">η Επανάσταση των Ελλήνων /</subfield>
   <subfield code="c">Θάνος Βερέμης, Αντώνης Κλάψης (επιμέλεια).</subfield>
  </datafield>
  <datafield tag="246" ind1="1" ind2=" ">
   <subfield code="a">Χίλια οκτακόσια είκοσι ένα : η Επανάσταση των Ελλήνων.</subfield>
  </datafield>
  <datafield tag="260" ind1=" " ind2=" ">
   <subfield code="a">Αθήνα : </subfield>
   <subfield code="b">Ελληνικά Γράμματα,</subfield>
   <subfield code="c">2021.</subfield>
  </datafield>
  <datafield tag="300" ind1=" " ind2=" ">
   <subfield code="a">445 σ. :</subfield>
   <subfield code="b">εικ. (μερ. έγχρ.), χάρτες ;</subfield>
   <subfield code="c">24 εκ.</subfield>
  </datafield>
  <datafield tag="500" ind1=" " ind2=" ">
   <subfield code="a">Περιεχόμενα: Από την κατάκτηση στην ανεξαρτησία / Θάνος Βερέμης -- Ο ελληνικός κόσμος στις παραμονές της Επανάστασης / Βάσω Σειρηνίδου -- Σερβική και Ελληνική Επανάσταση: μια σύγκριση / Μαρία Δ. Ευθυμίου -- Η Φιλική Εταιρεία και η ιστορία της / Ελπίδα Κ. Βόγλη -- Ο στρατιωτικός Αγώνας στην ξηρά, 1821-1824 / Δημήτρης Μαλέσης -- Το επαναστατικό ναυτικό στον Αγώνα της Παλιγγενεσίας / Αναστάσιος Κ. Δημητρακόπουλος -- Το Ελληνικό Ζήτημα και η ευρωπαϊκή διπλωματία, 1821-1827 / Αντώνης Κλάψης -- Ο φιλελληνισμός κατά τη διάρκεια του Αγώνα της ανεξαρτησίας / Παναγιώτα Παναρίτη -- Οι εμφύλιοι πόλεμοι στον Αγώνα της ανεξαρτησίας των Ελλήνων, 1823-1825 / Νικόλαος Αθ. Μισολίδης -- Η εκστρατεία του Ιμπραήμ στην Ελλάδα, 1825-1828 / Σπυρίδων Γ. Πλουμίδης -- Τα Συντάγματα της Επανάστασης / Σπύρος Βλαχόπουλος -- Το κυβερνητικό έργο του Ιωάννη Καποδίστρια, 1828-1831 / Χρήστος Χρηστίδης -- Η εξωτερική πολιτική του Ιωάννη Καποδίστρια, 1828-1831 / Μανόλης Κούμας -- Οι διπλωματικές διεργασίες για την οριστική διευθέτηση του Ελληνικού Ζητήματος, 1831-1832 / Θανάσης Χρήστου -- Οι γυναίκες στην Ελληνική Επανάσταση / Αννίτα Πρασσά -- Η Επανάσταση στις εικαστικές τέχνες / Δημήτρης Παυλόπουλος -- Βιογραφικά σημειώματα των συγγραφέων.</subfield>
  </datafield>
  <datafield tag="504" ind1=" " ind2=" ">
   <subfield code="a">Περιλαμβάνει βιβλιογραφικές παραπομπές.</subfield>
  </datafield>
  <datafield tag="651" ind1=" " ind2="0">
   <subfield code="a">Greece</subfield>
   <subfield code="x">History</subfield>
   <subfield code="x">War of independence, 1821-1829.</subfield>
  </datafield>
  <datafield tag="651" ind1=" " ind2="0">
   <subfield code="a">Greece</subfield>
   <subfield code="x">Politics and government</subfield>
   <subfield code="y">1821-</subfield>
  </datafield>
  <datafield tag="651" ind1=" " ind2="4">
   <subfield code="a">Ελλάδα</subfield>
   <subfield code="x">Ιστορία</subfield>
   <subfield code="x">Επανάσταση του 1821.</subfield>
  </datafield>
  <datafield tag="700" ind1="1" ind2=" ">
   <subfield code="a">Βερέμης, Θάνος Μ.,</subfield>
   <subfield code="d">1943-</subfield>
  </datafield>
  <datafield tag="700" ind1="1" ind2=" ">
   <subfield code="a">Κλάψης, Αντώνης.</subfield>
  </datafield>
  <datafield tag="852" ind1=" " ind2=" ">
   <subfield code="a">INST</subfield>
   <subfield code="b">UNIPILB</subfield>
   <subfield code="c">MAIN</subfield>
   <subfield code="e">20220404</subfield>
   <subfield code="h">938.5 ΧΙΛ</subfield>
   <subfield code="p">00187160</subfield>
   <subfield code="q">00187160</subfield>
   <subfield code="t">LOAN</subfield>
   <subfield code="y">0</subfield>
   <subfield code="4">1</subfield>
  </datafield>
  <datafield tag="852" ind1=" " ind2=" ">
   <subfield code="a">INST</subfield>
   <subfield code="b">UNIPILB</subfield>
   <subfield code="c">MAIN</subfield>
   <subfield code="e">20220404</subfield>
   <subfield code="h">938.5 ΧΙΛ</subfield>
   <subfield code="p">00187161</subfield>
   <subfield code="q">00187161</subfield>
   <subfield code="t">LOAN</subfield>
   <subfield code="y">0</subfield>
   <subfield code="4">2</subfield>
  </datafield>
  <datafield tag="960" ind1=" " ind2=" ">
   <subfield code="a">ΑΛΜΠΑΝΗ ΤΑΝΙΑ</subfield>
  </datafield>
 </record>
</collection>
